000 00609nam a2200193 a 4500
001 000006994
005 20240530073911.0
008 090904s2007 dr 001 f spa d
020 _a9789945410228
040 _aDO-SdBNP
_bspa
_cBNPHU
082 _aRD863.44
_bP437c
100 1 _aPereyra, Emilia,
_d1963-
_912303
245 1 0 _aCenizas del querer /
_cEmilia Pereyra.
260 _aSanto Domingo :
_bLetra Gráfica Breve,
_c2007.
300 _a206 ;
_c19 cm.
500 _aIncluye datos biográficos de la autora en la contracubierta.
650 0 _aNovela dominicana
_9223
650 0 _aLiteratura dominicana.
_967
999 _c6778
_d6778